00463nam a2200169Ia 4500003000400000005001700004006001800021007000300039008004100042037001700083040001800100041001300118082002400131100002500155245006500180260004800245OSt20220925211214.0a|||||r|||| 00| 0ta220923b |||||||| |||| 00| 0 eng d cGeneral Book aRTLcRTLbeng 2engaeng aY:5.247sN61, K1.JAM aCensus of India,1961 0aDistrict Census handbook, 1961. Jammu and Kashmirb Jammu  aJammuband Kashmir Govt. Press c1994